Quizzes
Events
Quiz Creation
Community
Videos
Private Events
Remove Ads
Sign In
Join for FREE
Feedback
Dark Mode
Quiz Categories
Sports
Geography
Music
Movies
Television
Just For Fun
Miscellaneous
History
Literature
Language
Science
Gaming
Entertainment
Religion
Holiday
For Kids
Quiz Lab
Recent
Popular Today
Quiz Kudos Today
Editor Picks
Curator Picks
Quizzes by...
Day
Popularity
Type
Ratings
Length
Year
Community
Subscriptions
Recent Discussions
Orange Saloon
Badges
Playlists
Quests
Create
Leaderboards
Showdown
Live 5
Trivia Bingo
Activity
Puzzle Library
Sporcle Events
Private Events
Virtual Trivia
Globe League
Become a Host
Pub Owners
SporcleCon
Opinionation
Our Games
Videos
Blog
Mobile Apps
Partnerships
Remove Ads and Go Orange
Feedback
Music
Pop Music
The Beatles
Song
Album
Lyrics
Bands
Singers
Artist
Clip
Rock
Rap
Classical
Billboard
Country Music
Kpop
Taylor Swift
Music
Pop Music
The Beatles
Song
Album
Lyrics
Bands
Singers
Artist
Clip
Rock
Rap
Classical
Billboard
Country Music
Kpop
Taylor Swift
Random Quiz
Search Sporcle
×
Quiz Lab
Quiz Lab
Music
Pop Music
Type in answers that appear in a list
Type in answers that appear in a list
Classic
Best Score? Go Orange.
European Musicians Stats
Can you name the countries these European musician come from?
By
ThatSerbianGuy
8m
56 Questions
308 Plays
308 Plays
308 Plays
Comments
Comments
Give Quiz Kudos
Give Quiz Kudos
-
- Ratings
hide this ad
More Info
Forced Order
Answers have to be entered in order
Answers have to be entered in order
Replay
Link that replays current quiz
Next Quiz
Link to next quiz in quiz playlist
You Got
0%
They Got
Avg Score
60%
Avg Friend Score
Upgrade to see
Score Distribution
Jump to the score distribution portion of the page
Score
0/56
Timer
08:00
0
Plays Today
Musician
Country
% Correct
ABBA
Sweden
95.1%
Adele
UK
95.1%
Amy Winehouse
UK
91.6%
Andrea Bocelli
Italy
90.6%
Queen
UK
88.6%
The Beatles
UK
88.6%
Rolling Stones
UK
86.7%
Pink Floyd
UK
86%
Luciano Pavarotti
Italy
85.7%
Led Zeppelin
UK
84.7%
The Who
UK
82.8%
Julio Iglesias
Spain
82.5%
U2
Ireland
81.2%
Bjork
Iceland
80.5%
Iron Maiden
UK
80.5%
Rammstein
Germany
79.9%
Lily Allen
UK
78.9%
A-
ha
Norway
77.6%
Kraftwerk
Germany
77.3%
Eros Ramazzotti
Italy
76.3%
Armin van Buuren
Netherlands
76%
The Cranberries
Ireland
75%
David Guetta
France
74.4%
Alejandro Sanz
Spain
74%
Daft Punk
France
74%
Edith Piaf
France
71.8%
Elena Paparizou
Greece
70.5%
Franz Ferdinand
UK
67.5%
Musician
Country
% Correct
Enya
Ireland
66.6%
Nena
Germany
66.2%
Scorpions
Germany
65.3%
Roxette
Sweden
63.6%
Boney M.
Germany
62.3%
t.A.T.u.
Russia
60.1%
Falco
Austria
56.2%
Tokio Hotel
Germany
53.6%
Toto Cutugno
Italy
47.7%
Royksopp
Norway
45.8%
Of Monsters and Men
Iceland
44.8%
Tiesto
Netherlands
43.2%
Modern Talking
Germany
41.9%
Nightwish
Finland
41.9%
Ruslana
Ukraine
41.9%
The Hives
Sweden
39.6%
Within Temptation
Netherlands
30.8%
Mylene Farmer
France
29.5%
Hooverphonic
Belgium
29.2%
Inna
Romania
26.6%
Vaya Con Dios
Belgium
22.4%
Laibach
Slovenia
20.1%
Maria Mena
Norway
19.8%
Basia
Poland
18.2%
Michael Learns to Rock
Denmark
15.6%
77 Bombay Street
Switzerland
14.3%
Morandi
Romania
14%
Orthodox Celts
Serbia
10.1%
Quiz Playlist
Details
Report
Send in Message
Add To Playlist
More Info:
Name the countries these European musicians come from.
Classic:
Type in answers that appear in a list
Forced Order:
Answers have to be entered in order
Last Updated: Feb 16, 2017
Quiz Scoreboard
CHALLENGE
Sign Up to Join the Scoreboard
Show All
Scores
Hide
Comments
May contain spoilers
Recently Published
College Basketball Coaching Resumes
by pancakes188
Sports
9m
Billboard Blitz: Fleetwood Mac
by CooCooCachoo
Music
15s
Presidents Visiting Landmarks
by Hejman
History
7m
More to Explore
Quiz From the Vault
Featured Blog Post
Where Did the Easter Bunny Come From?
hide this ad
You Might Also Like...
Tags
Artist Quiz
Bands Quiz
Country Quiz
Europe Quiz
Pop Music Quiz
Rock Quiz
Singers Quiz
Chart Topping
Music Charts
Musician
Vocalists
Today's Top Quizzes in Music
Browse Music
hide this ad
Today's Top Quizzes in Pop Music
Browse Pop Music
Top Contributed Quizzes in Music
1
Taylor Swift All Songs (2024)
2
7-to-1: Billboard Hot 100 #1 Hits of 2010s
3
Guess the Artist- 70s Songs
4
Sorting Albums and Songs
5
Taylor Swift Logic Puzzle
6
KPOP LOGIC QUIZ
7
Guess the Taylor Swift song (Mystery Song)
8
2010s Album by Cover III
9
One Thing in Common: Music
10
Guess The Taylor Swift Lyrics Song #1
Explore More
Trending Topics
Anime
Marvel
Crossword
Kpop
Disney
Harry Potter
NBA
Soccer
Country
The Office
NFL
Puzzle
Pokémon
WWE
Song
hide this ad
More By:
ThatSerbianGuy
Quiz
Plays
Rating
Category
Featured
Created
Social Networks Countries
56,801
4.55
Geography
Feb 10, 2015
Top Languages per US State
53,694
4.64
Language
Jun 11, 2015
Foreign-Born Population: Manhattan
49,345
4.74
Geography
Jul 23, 2014
Space-Spending Countries
45,707
4.65
Geography
Nov 3, 2014
Harry Potter Typing Challenge: Magical Creatures
38,656
4.25
Just For Fun
Nov 3, 2014
Go to Creator's Profile
Score Distribution
Quiz Creator Spotlight
ThatSerbianGuy
Follow
Send a Message
Quizzes Created
-
Created Quiz Play Count
-
More By This Creator
Popular Quizzes Today
1
Find the US States - No Outlines Minefield
2
Find the Countries of Europe - No Outlines Minefield
3
The Countries of the World
4
Find the US States
5
Risky Map Clicking: Biggest States A-Z
6
US States
7
Popular People in 1961
8
Movies - When Are They Set?
More Music Quizzes
One Direction Songs by Video
Quiz Lab
Trending Quizzes
Risky Map Clicking: Least Populous States A-Z
1-10 Letter G Words
1-10 Letter F Words
Risky Map Clicking: Next State Alphabetically
Risky Map Clicking: Biggest States A-Z
Recently Updated
Leaping Animals
pecheneg
Reality TV Shows (A-Z)
bhenderson79
Rickey Henderson's Hall of Fame Teammates
pecheneg
Champions League XIs: Arsenal
pecheneg
Quick Pick: Celebrities in WWE's Hall of Fame
aduchscher
A-Z Keypad Blitz II
pecheneg
Multiple Oscar Actors
pecheneg
Mystery Phrase Blitz: Oscar 'Best Actors'
pecheneg
F. Scott Fitzgerald Novels
LTH
Pick 3 Villains
ddd62291
Trending Topics
NBA
Anime
Disney
Crossword
Kpop
Harry Potter
Marvel
Soccer
NFL
Song
Country
Puzzle
WWE
Pokémon
The Office
Your Account Isn't Verified!
In order to create a playlist on Sporcle, you need to verify the email address you used during registration. Go to your
Sporcle Settings
to finish the process.
Report this User
Report this user for behavior that violates our
Community Guidelines
.
Details:
Send Report
Go to the Sporcle.com Mobile Site →
Comments